Sports Quiz

Random Sports or Basketball Quiz

NBA Trades Fill in the Blank Quiz Stats

 Plays Quiz not verified by Sporcle

Score 0/10 Timer 10:00
0 Plays Today
Question Answer Wrong Answers
1998: Dirk Nowitzki for _____________ ???
94.2%
???
0.1%
???
0.2%
???
0.2%
2017: Kyrie Irving for Isaiah Thomas, Jae Crowder, _____, 2017 First, 2020 Second ???
93.3%
???
1.9%
???
1.1%
???
2.4%
2004: Rasheed Wallace and Mike James for Zeljko Rebraca, ______, future first ???
51%
???
8.7%
???
9.4%
???
14.9%
1998: Vince Carter for _____________ ???
44.9%
???
3%
???
7.8%
???
0.7%
2008: Kevin Garnett for Sebastian Telfair, Ryan Gomes, Gerald Green, Theo Ratliff, _______, Two Firsts ???
40%
???
2.2%
???
3.6%
???
2.4%
2004: Shaquille O'Neal for Caron Butler, Brian Grant, _______, 2006 First, 2007 Second ???
29.3%
???
2.7%
???
3.6%
???
3.4%
1968: Wilt Chamberlain for ________, Archie Clark, Darrall Imhoff ???
15.2%
???
4.9%
???
1.1%
???
5.1%
1987: Scottie Pippen, First for _____________, First and Second ???
11.7%
???
2.1%
???
1.6%
???
2.7%
1956: Bill Russell for Cliff Hagan and ____________ ???
10.1%
???
1.5%
???
0.6%
???
1%
2017: DeMarre Carroll, 2018 First, Second for _____________ ???
6.5%
???
3.3%
???
2.1%
???
1%

You're not logged in!

Compare scores with friends on all Sporcle quizzes.
OR
Log In

Sporcle TV

Today on Sporcle TV


Watch our educational content, quiz creation guides, and fun videos on Sporcle TV.

Show Comments

Extras

Top Quizzes Today


Score Distribution

Your Account Isn't Verified!

In order to create a playlist on Sporcle, you need to verify the email address you used during registration. Go to your Sporcle Settings to finish the process.

Report this User

Report this user for behavior that violates our Community Guidelines.

Details: